00610nam a2200169 i 450000100060000000300090000600500170001500700030003200800410003510000290007624501040010526000380020930000220024785200320026999900170030195201220031896270ES-MaACL20230906181859.0t|050615s1968 sp ||||1| spa d1 aMagaña, José.97544410aMisterio pascual y ejercicios ignacianos b: hacia una integración / cpor José Magaña, S. J. aSantander : bSal Terrae, c1968. a147 p. ; c17 cm. aES-MaACLjC-36856 bR.66681 c96270d96270 00104070aATENEOMbATENEOMcDEPO2d2008-01-17eSCl0oC-36856p1100513r2023-02-23 00:00:00w2023-02-23yMONOGRAFIA